The construction of buildings which interfere with third-party rights and the risk of injunctions and claims for damages (Record no. 76114)
[ view plain ]
| 000 -LEADER | |
|---|---|
| fixed length control field | 01303cab a2200229 4500 |
| 001 - CONTROL NUMBER | |
| control field | ##L131486 |
| 008 - FIXED-LENGTH DATA ELEMENTS--GENERAL INFORMATION | |
| fixed length control field | 051107n2005 000 0 eng u |
| 035 ## - SYSTEM CONTROL NUMBER | |
| System control number | (Sirsi) u131486 |
| 041 0# - LANGUAGE CODE | |
| Language code of text/sound track or separate title | eng |
| 100 1# - MAIN ENTRY--PERSONAL NAME | |
| Personal name | Francis, Andrew |
| 245 04 - TITLE STATEMENT | |
| Title | The construction of buildings which interfere with third-party rights and the risk of injunctions and claims for damages |
| 260 ## - PUBLICATION, DISTRIBUTION, ETC. | |
| Date of publication, distribution, etc. | 2005 |
| 490 #0 - SERIES STATEMENT | |
| Series statement | Journal of Building Appraisal |
| Volume/sequential designation | 1(3) September 2005, 274-281(8) |
| 520 ## - SUMMARY, ETC. | |
| Summary, etc. | Examines the risk to development projects from the infringement of third party rights, particularly rights of light and restrictive covenants, in view of the decisions in "Deakins v Hookings" ([1994] 14 EG 133, Abs50462), "Mortimer v Bailey" ([2004] EWCA Civ 1514, Abs68661) and "Midtown v City of London Real Property Co Ltd" ([2005] EWHC 33 (Ch), L128821). Assesses the risk factor involved during the various stages of the development, and provides a checklist of steps to be taken to lessen or remove the risk of an injunction being obtained by the owner of neighbouring property. |
| 590 ## - LOCAL NOTE (RLIN) | |
| Local note | IKA081105 |
| 650 24 - SUBJECT ADDED ENTRY--TOPICAL TERM | |
| Topical term or geographic name entry element | MORTIMER V BAILEY |
| 650 24 - SUBJECT ADDED ENTRY--TOPICAL TERM | |
| Topical term or geographic name entry element | MIDTOWN LTD V CITY OF LONDON REAL PROPERTY CO LTD |
| 650 24 - SUBJECT ADDED ENTRY--TOPICAL TERM | |
| Topical term or geographic name entry element | DEAKINS V HOOKINGS |
| 650 24 - SUBJECT ADDED ENTRY--TOPICAL TERM | |
| Topical term or geographic name entry element | RIGHTS TO LIGHT |
| 690 ## - LOCAL SUBJECT ADDED ENTRY--TOPICAL TERM (OCLC, RLIN) | |
| Topical term or geographic name as entry element | Boundary disputes |
| 9 (RLIN) | 6221 |
| 942 ## - ADDED ENTRY ELEMENTS (KOHA) | |
| Suppress in OPAC | 0 |
| Withdrawn status | Lost status | Source of classification or shelving scheme | Damaged status | Not for loan | Home library | Current library | Shelving location | Date acquired | Total Checkouts | Full call number | Barcode | Date last seen | Copy number | Price effective from | Koha item type |
|---|---|---|---|---|---|---|---|---|---|---|---|---|---|---|---|
| Dewey Decimal Classification | London | London | Journal article | 07/11/2005 | L131486 | 131486-1001 | 06/08/2019 | 1 | 06/08/2019 | Journal article |